000 00366 a2200157 4500
001 62424
020 _a8526009435
040 _cAnchieta - Pituba
100 _aPotiguara, Eliane
240 1 0 _aMetade cara, metade máscara
_lpor
245 1 0 _aMetade cara, metade máscara
300 _a138
362 0 _a2004
650 4 _aCultura das instituições
942 _cBK
999 _c62424
_d62424